| 000 | 01111cam a22003377a 4500 | ||
|---|---|---|---|
| 003 | CHAP | ||
| 005 | 20220817041822.0 | ||
| 008 | 971013s1969 r 00010 d | ||
| 010 | _a25505 | ||
| 011 | _a26477 | ||
| 035 | _a30578 | ||
| 040 | _cCHAP | ||
| 090 | _aFolleto 1105 | ||
| 110 |
_aInstituto Nacional de la Nutrición. México _959378 |
||
| 245 | 1 | 4 |
_aLos hábitos de alimentación en una región fronteriza _b: Agua Prieta y Esqueda Sonora |
| 260 |
_aMéxico, D.F. : _bDivisión de Nutrición, _c1969 |
||
| 300 | _a71 h | ||
| 490 | 0 |
_aPublicación _v; L-15 |
|
| 590 |
_aBATCH-UPD _b10 _c20130110 _lUCH01 _h1330 |
||
| 590 |
_aBATCH-UPD _b10 _c20130410 _lUCH01 _h0836 |
||
| 590 |
_aBATCH-UPD _b10 _c20130914 _lUCH01 _h1618 |
||
| 590 |
_aCONVERSION _b10 _c20130109 _lUCH01 _h1315 |
||
| 650 | 1 | 4 |
_aHábitos alimenticios. _955679 |
| 650 | 1 | 4 |
_aNutrición. _982246 |
| 650 | 1 | 4 |
_aSonora _xCondiciones económicas. _9108580 |
| 650 | 1 | 4 |
_aSonora _xCondiciones sociales. _9108582 |
| 830 | 0 |
_aPublicación _v; L-15 |
|
| 901 | _aBK | ||
| 942 | _cFOLL | ||
| 949 |
_aFolleto 1105 _bBC _cFOLL _d-70887 _eTS1 _i30578 _mD _si |
||
| 999 |
_c25505 _d25505 |
||